College & Pro Sports Shared Team Names - Statistics

General Stats
  • This quiz has been taken 621 times
  • The average score is 19 of 20
Answer Stats
Hint Answer % Correct
Louisville, Ball State Cardinals
98%
Boston College, Eastern Michigan, Georgia Southern Eagles
98%
Clemson, Auburn, Louisiana State, Missouri, Memphis Tigers
98%
Pittsburgh, Florida International, Georgia State Panthers
97%
Oregon Ducks
96%
Baylor Bears
95%
Hawaii Warriors
95%
Western Michigan, Boise State Broncos
94%
UCLA Bruins
94%
Wyoming, Oklahoma State Cowboys
94%
South Alabama Jaguars
94%
Virginia Cavaliers
93%
Bowling Green, Air Force Falcons
93%
Miami Hurricanes
92%
East Carolina Pirates
92%
Colorado State Rams
91%
Charolette 49ers
90%
South Florida, Buffalo Bulls
90%
Toledo Rockets
89%
Liberty Flames
85%
No matching quizzes found
Score Distribution
Percent of People with Each Score
Percentile by Number Answered
Your Score History
You have not taken this quiz